Erkenne den Deutschrapper (Bildquiz) - Statistiken

Allgemein
  • Dieses Quiz wurde 3.038 mal gespielt
    2.134 seit der letzten Aktualisierung
  • Das Durchschnittsergebnis liegt bei 8 aus 16
Antwortstatistiken
Bildquiz Antwort % Korrekt
Cro
95%
Sido
95%
Shirin David
93%
Capital Bra
91%
Farid Bang
91%
Gzuz
90%
Apache 207
88%
Bushido
88%
Luciano
88%
Money Boy
87%
Haftbefehl
86%
Mero
85%
Xatar
85%
Manuellsen
84%
Ufo361
84%
187 Strassenbande
83%
Juju
83%
Loredana
83%
Bonez MC
82%
T-Low
82%
Shindy
81%
Kontra K
80%
Bausa
77%
SSIO
77%
RIN
76%
Kay One
75%
Kollegah
73%
RAF Camora
73%
Summer Cem
73%
AK Ausserkontrolle
72%
Pashanim
71%
Peter Fox
71%
Samra
71%
Maxwell
69%
KC Rebell
67%
Eno
64%
Fler
64%
Nura
63%
Badmómzjay
62%
Olexesh
62%
Dardan
61%
Veysel
61%
Celo & Abdi
60%
Eko Fresh
60%
Nimo
59%
Azet
58%
BHZ
58%
reezy
57%
Die Fantastischen Vier
54%
LX
54%
Trettmann
52%
18 Karat
50%
Alligatoah
45%
PA Sports
44%
Kool Savas
42%
Bozza
41%
Yung Hurn
41%
Jamule
40%
Sa4
40%
Kianush
39%
Majoe
39%
Casper
38%
Marteria
38%
K.I.Z.
37%
Die Atzen
35%
GReeen
35%
257ers
34%
Asche
32%
Capo
32%
Fard
32%
Genetikk
32%
Jan Delay
32%
Culcha Candela
31%
Miami Yacine
31%
Sun Diego/SpongeBOZZ
31%
Trailerpark
31%
Frauenarzt
29%
Pajel
29%
Animus
27%
Seeed
25%
MoTrip
23%
Fettes Brot
21%
Samy Deluxe
21%
Azad
20%
Prinz Pi
19%
ART
17%
NGEE
17%
Max Herre
16%
Favorite
15%
Tic Tac Toe
15%
Fourty
14%
Deichkind
12%
Metrickz
12%
Ali As
11%
Hanybal
11%
(Baba) Saad
10%
Die Firma
6%
Undacava
4%
Keine übereinstimmenden Quizze gefunden
Verteilung der Resultate
Anzahl Personen mit jedem Resultat
Perzentil nach korrekt beantworteten Fragen
Ihre Resultats-Entwicklung
Sie haben dieses Quiz seit der letzten Aktualisierung nicht gespielt